OECD reviews of migrant education : closing the gap for immigrant students : policies, practice and performance /

Gespeichert in:
Bibliographische Detailangaben
1. Verfasser: Roseveare, Deborah (VerfasserIn)
Format: Buch
Sprache:Englisch
Veröffentlicht: Paris : OECD, 2010
Ausgabe:[1st ed.]
Schlagworte:
ISBN:9789264075771
ISSN:2077-6802
Online-Zugang: Volltext
Tags: Tag hinzufügen
Keine Tags, Fügen Sie den ersten Tag hinzu!

MARC

LEADER 00000aam a2200000 4500
003 SK-BrCVT
005 20220617223213.0
006 a####e######000#0#
008 100526s2010 fr ####e######000#0#eng d
020 |a 9789264075771 
022 |a 2077-6802 
035 |a CVTIDW0000623 
040 |b slo  |c CVT  |a CVTI SR  |e AACR2 
041 0 |a eng 
044 |a fr 
080 |a 376.7  |2 UDC-MRF 
100 1 |a Roseveare, Deborah  |4 aut 
245 1 |a OECD reviews of migrant education :  |b closing the gap for immigrant students : policies, practice and performance /  |c Prepared by: Deborah Roseveare ... [et al.] 
250 |a [1st ed.] 
260 |a Paris :  |b OECD,  |c 2010 
300 |a 109 s. :  |b grafy, lit., tab. ; 
653 1 |a vzdelávanie prisťahovalcov 
653 1 |a vzdelávacia politika 
653 1 |a financovanie 
653 1 |a integrácia imigrantov 
655 7 |a prehľady  |2 SNKPH 
710 2 |a Organisation for Economic Co-operation and Development, OECD (Paris, France)  |4 pbl 
852 |a CVTISR  |b 1 
856 4 |u http://ezproxy.cvtisr.sk/login.php?url=https://doi.org/10.1787/9789264075788-en 
910 |b E001705  |b A612142 
919 |a 978-92-64-07577-1 
959 |a o07 
959 |a 02 
974 |a maria.Geracsekova  |f Knihy 
992 |a APH 
999 |c 153830  |d 153830